[Event "Kimry-ch op"]
[Site "Kimry"]
[Date "2017.01.07"]
[Round "9"]
[White "Shpagin, Vlas"]
[Black "Berezhkov, Andrey"]
[Result "1-0"]
[WhiteElo "2323"]
[BlackElo "2049"]
[PlyCount "69"]
[EventDate "2017.01.02"]
[EventType "swiss"]
[EventRounds "9"]
[EventCountry "RUS"]
[SourceTitle "EXT 2018"]
[Source "ChessBase"]
[SourceDate "2017.10.13"]
[SourceVersion "1"]
[SourceVersionDate "2017.10.13"]
[SourceQuality "1"]

1. c4 e6 2. Nf3 d5 3. b3 Nf6 4. g3 Be7 5. Bg2 0-0 6. 0-0 Nbd7 7. Bb2 b6 8. d3 Bb7 9. Nbd2 c5 10. e3 Qc7 11. Rc1 Rac8 12. Qc2 e5 13. cxd5 Nxd5 14. a3 Rfe8 15. Nc4 Bf6 16. Qb1 Ne7 17. b4 Qb8 18. b5 Ng6 19. e4 Ngf8 20. Qa1 g6 21. Bh3 Rcd8 22. a4 a6 23. Rcd1 Qc7 24. Bc3 a5 25. Ne1 Ne6 26. Bxe6 Rxe6 27. f4 exf4 28. gxf4 Bxc3 29. Qxc3 Nf8 30. Rd2 Ree8 31. f5 Qe7 32. Rdf2 Qg5+ 33. Rg2 Qh4 34. Nxb6 Rd4 35. Nf3 1-0

[Event "Kimry-ch op"]
[Site "Kimry"]
[Date "2017.01.02"]
[Round "1"]
[White "Shpagin, Vlas"]
[Black "Doronine, Vladimir"]
[Result "1-0"]
[WhiteElo "2323"]
[BlackElo "1723"]
[PlyCount "79"]
[EventDate "2017.01.02"]
[EventType "swiss"]
[EventRounds "9"]
[EventCountry "RUS"]
[SourceTitle "EXT 2018"]
[Source "ChessBase"]
[SourceDate "2017.10.13"]
[SourceVersion "1"]
[SourceVersionDate "2017.10.13"]
[SourceQuality "1"]

1. d4 Nf6 2. Bg5 d5 3. Bxf6 gxf6 4. e3 Bf5 5. Bd3 Bg6 6. h4 h5 7. Ne2 e5 8. Ng3 c5 9. dxe5 fxe5 10. Bxg6 fxg6 11. Qd3 Kf7 12. Nc3 d4 13. 0-0-0 Nc6 14. Nce4 Nb4 15. Ng5+ Ke7 16. Qxg6 Qd5 17. Nf5+ Kd7 18. Qf7+ Qxf7 19. Nxf7 Rg8 20. Ng5 Nxa2+ 21. Kb1 Nb4 22. c3 Nc6 23. exd4 cxd4 24. cxd4 Nxd4 25. Nxd4 exd4 26. Rxd4+ Kc6 27. Rc1+ Kb6 28. Rd7 Bc5 29. Ne4 Rac8 30. Rd5 Be7 31. Rxc8 Rxc8 32. Rxh5 Rc4 33. f3 a5 34. Rh6+ Kb5 35. Re6 Rc7 36. h5 Bf8 37. g4 Rf7 38. Ng5 Rd7 39. Rf6 Bg7 40. Rf7 1-0

[Event "Kimry Summer op"]
[Site "Kimry"]
[Date "2016.08.29"]
[Round "3"]
[White "Koshil, Tikhon Stepanovich"]
[Black "Shpagin, Vlas"]
[Result "0-1"]
[WhiteElo "1897"]
[BlackElo "2318"]
[PlyCount "76"]
[EventDate "2016.08.28"]
[EventType "swiss"]
[EventRounds "7"]
[EventCountry "RUS"]
[SourceTitle "CBM 174 Extra"]
[Source "ChessBase"]
[SourceDate "2016.10.10"]
[SourceVersion "1"]
[SourceVersionDate "2016.10.10"]
[SourceQuality "1"]

1. d4 Nf6 2. Nf3 g6 3. c4 Bg7 4. Nc3 0-0 5. e4 d6 6. Be2 e5 7. d5 a5 8. Be3 Ng4 9. Bg5 f6 10. Bd2 f5 11. Bg5 Qe8 12. h3 Nf6 13. exf5 gxf5 14. Bd2 Na6 15. 0-0 Nc5 16. Qc2 e4 17. Ne1 Qg6 18. Nb5 Rf7 19. Be3 f4 20. Bxf4 Bxh3 21. Bg3 Bf5 22. Qd2 Nh5 23. Bxh5 Qxh5 24. Nc3 Kh8 25. Nc2 Rg8 26. Ne3 Bc8 27. Rad1 Qg6 28. Ne2 Nd3 29. b3 h5 30. Nc1 Ne5 31. Qc2 h4 32. Bxe5 Bxe5 33. Ne2 Bh3 34. g3 hxg3 35. fxg3 Bxg3 36. Rxf7 Bf4+ 37. Kf2 Qxf7 38. Rh1 Bg3+ 0-1

[Event "Kimry Summer op"]
[Site "Kimry"]
[Date "2016.06.11"]
[Round "7"]
[White "Shatunov, Leonid"]
[Black "Shpagin, Vlas"]
[Result "0-1"]
[WhiteElo "1605"]
[BlackElo "2311"]
[PlyCount "112"]
[EventDate "2016.06.08"]
[EventType "swiss"]
[EventRounds "7"]
[EventCountry "RUS"]
[SourceTitle "CBM 172 Extra"]
[Source "ChessBase"]
[SourceDate "2016.06.21"]
[SourceVersion "1"]
[SourceVersionDate "2016.06.21"]
[SourceQuality "1"]

1. e4 Nf6 2. e5 Nd5 3. d4 d6 4. Bc4 Nb6 5. Bb3 Bf5 6. Qf3 Qc8 7. Nh3 e6 8. Ng5 Bg6 9. Qg3 c5 10. c3 cxd4 11. exd6 Nc6 12. 0-0 Qd7 13. Bf4 0-0-0 14. cxd4 Bxd6 15. Be5 Nxd4 16. Qc3+ Bc7 17. Bxd4 Qxd4 18. Rc1 Qxc3 19. Nxc3 Kb8 20. g3 Be5 21. Nf3 Bf6 22. Bc2 Bxc3 23. bxc3 Bxc2 24. Rxc2 Nc4 25. Re1 Rd5 26. Nd4 Rc8 27. Rec1 Na3 28. Rd2 Nb5 29. Rdc2 Nxd4 30. cxd4 Rxc2 31. Rxc2 Rxd4 32. Kg2 b5 33. h3 h5 34. Rc5 Rd5 35. Rc2 a5 36. Kf3 b4 37. Rb2 Kb7 38. Ke3 Kb6 39. a4 Kc6 40. f3 Kd6 41. Ke4 Rc5 42. Rd2+ Ke7 43. Rd3 Rc3 44. Rd2 Ra3 45. Rc2 Rxa4 46. Rc5 b3+ 47. Kd3 Rb4 48. Rc1 b2 49. Rb1 a4 50. Kc3 a3 51. Kxb4 a2 52. Rxb2 a1Q 53. Rc2 Qe1+ 54. Kb3 Qxg3 55. Rc3 Qxh3 56. Rc7+ Kf6 0-1

[Event "Moscow Region-ch"]
[Site "Kolomna"]
[Date "2015.10.19"]
[Round "6"]
[White "Shpagin, Vlas"]
[Black "Gagarinov, Sergey"]
[Result "0-1"]
[WhiteElo "2307"]
[BlackElo "2204"]
[PlyCount "70"]
[EventDate "2015.10.16"]
[EventType "swiss"]
[EventRounds "9"]
[EventCountry "RUS"]
[SourceTitle "CBM 169 Extra"]
[Source "ChessBase"]
[SourceDate "2015.12.18"]
[SourceVersion "1"]
[SourceVersionDate "2015.12.18"]
[SourceQuality "1"]

1. d4 d5 2. Bg5 h6 3. Bh4 c6 4. Nf3 Qb6 5. b3 Bf5 6. e3 e6 7. Bd3 Bxd3 8. Qxd3 Nd7 9. 0-0 Be7 10. Bxe7 Nxe7 11. c4 0-0 12. Nc3 Rfd8 13. e4 Qa6 14. Rfe1 Ng6 15. Rad1 Nb6 16. Nd2 Rd7 17. Re3 dxc4 18. Nxc4 Rad8 19. Nxb6 Qxb6 20. Ne2 Nf4 21. Qc3 Nxe2+ 22. Rxe2 Rxd4 23. Red2 e5 24. h4 Rxd2 25. Rxd2 Rxd2 26. Qxd2 Qd4 27. Qe2 g5 28. Qf3 Kg7 29. a4 b5 30. axb5 cxb5 31. g3 a5 32. Qe2 a4 33. Qxb5 a3 34. Qa5 Qb2 35. f4 a2 0-1

[Event "Moscow Region-ch"]
[Site "Kolomna"]
[Date "2015.10.19"]
[Round "5"]
[White "Shpagin, Vlas"]
[Black "Konenkin, Dmitry"]
[Result "1/2-1/2"]
[WhiteElo "2307"]
[BlackElo "2247"]
[PlyCount "40"]
[EventDate "2015.10.16"]
[EventType "swiss"]
[EventRounds "9"]
[EventCountry "RUS"]
[SourceTitle "CBM 169 Extra"]
[Source "ChessBase"]
[SourceDate "2015.12.18"]
[SourceVersion "1"]
[SourceVersionDate "2015.12.18"]
[SourceQuality "1"]

1. d4 d6 2. e4 Nf6 3. Nc3 e5 4. Nge2 Be7 5. f3 0-0 6. Be3 c6 7. g4 exd4 8. Qxd4 d5 9. exd5 Nxd5 10. Nxd5 Bh4+ 11. Ng3 Qxd5 12. Qxd5 cxd5 13. 0-0-0 Rd8 14. Bd3 g6 15. Ne2 Nc6 16. Bf4 Be6 17. Bg3 Bf6 18. Bf4 Bh4 19. Bg3 Bf6 20. Bf4 Bh4 1/2-1/2

[Event "Kimry Summer op2"]
[Site "Kimry"]
[Date "2015.08.28"]
[Round "6"]
[White "Shpagin, Vlas"]
[Black "Sepp, Yuri"]
[Result "1-0"]
[WhiteElo "2316"]
[BlackElo "1915"]
[PlyCount "41"]
[EventDate "2015.08.26"]
[EventType "swiss"]
[EventRounds "7"]
[EventCountry "RUS"]
[SourceTitle "EXT 2016"]
[Source "ChessBase"]
[SourceDate "2015.10.08"]
[SourceVersion "1"]
[SourceVersionDate "2015.10.08"]
[SourceQuality "1"]

1. d4 Nf6 2. Bg5 b6 3. f3 d5 4. Nc3 e6 5. e4 Be7 6. Qd2 Nxe4 7. Bxe7 Nxd2 8. Bxd8 Nxf3+ 9. Nxf3 Kxd8 10. 0-0-0 f6 11. g4 Bb7 12. Bg2 a6 13. Rhe1 Kd7 14. g5 Nc6 15. Bh3 f5 16. Ne5+ Nxe5 17. Rxe5 g6 18. Rde1 Rae8 19. Bg2 Bc8 20. h4 Kd6 21. Nxd5 1-0

[Event "Kimry Summer op2"]
[Site "Kimry"]
[Date "2015.08.26"]
[Round "1"]
[White "Zavyalov, Nikita"]
[Black "Shpagin, Vlas"]
[Result "0-1"]
[WhiteElo "1439"]
[BlackElo "2316"]
[PlyCount "148"]
[EventDate "2015.08.26"]
[EventType "swiss"]
[EventRounds "7"]
[EventCountry "RUS"]
[SourceTitle "EXT 2016"]
[Source "ChessBase"]
[SourceDate "2015.10.08"]
[SourceVersion "1"]
[SourceVersionDate "2015.10.08"]
[SourceQuality "1"]

1. e4 g6 2. d4 Bg7 3. Nf3 Nf6 4. Nc3 d6 5. Bc4 0-0 6. 0-0 c6 7. e5 Ne8 8. Bf4 b5 9. Bb3 a5 10. a3 d5 11. h3 Nc7 12. Ne2 a4 13. Ba2 Nd7 14. c3 Ne6 15. Bg3 Nb6 16. Qd2 Nc4 17. Bxc4 dxc4 18. Rad1 Nc7 19. Nf4 Bh6 20. Ne1 Nd5 21. Nc2 f6 22. Nb4 Nxb4 23. cxb4 fxe5 24. Ne6 Bxd2 25. Nxd8 Rxd8 26. Rxd2 exd4 27. Re1 Ra7 28. Bh4 Kf7 29. Re4 d3 30. Rf4+ Ke8 31. Re4 Bf5 32. Re5 Rd5 33. Re3 Kf7 34. g4 Be6 35. Rf3+ Ke8 36. Re3 Kd7 37. f4 Ra8 38. Kf2 Rf8 39. Kg2 Rd4 40. Bg3 Bd5+ 41. Kh2 Rfxf4 42. Bxf4 Rxf4 43. Kg1 Kd6 44. Kh2 Rf6 45. Kg3 Rf1 46. Kh4 h6 47. Kg3 e5 48. h4 Rg1+ 49. Kh2 Rxg4 50. Kh3 Be6 51. Rg3 h5 52. Kg2 Kd5 53. Kf2 Rxg3 54. Kxg3 Kd4 55. Kf2 e4 56. Ke1 Bg4 57. Rf2 e3 58. Rf4+ Ke5 59. Rf7 d2+ 60. Kf1 d1Q+ 61. Kg2 Qe2+ 62. Kg3 Qf2+ 63. Rxf2 exf2 64. Kxf2 g5 65. hxg5 Kf5 66. g6 Kxg6 67. Kg2 Kg5 68. Kg3 h4+ 69. Kh2 Kf4 70. Kg2 h3+ 71. Kh2 Bf5 72. Kg1 Kg3 73. Kh1 h2 74. b3 Be4# 0-1

[Event "Kimry Summer op"]
[Site "Kimry"]
[Date "2015.06.10"]
[Round "6"]
[White "Anisimov, Dmitry V"]
[Black "Shpagin, Vlas"]
[Result "0-1"]
[WhiteElo "1918"]
[BlackElo "2300"]
[PlyCount "86"]
[EventDate "2015.06.08"]
[EventType "swiss"]
[EventRounds "7"]
[EventCountry "RUS"]
[SourceTitle "CBM 167 Extra"]
[Source "ChessBase"]
[SourceDate "2015.09.14"]
[SourceVersion "1"]
[SourceVersionDate "2015.09.14"]
[SourceQuality "1"]

1. Nf3 Nf6 2. d4 g6 3. Bg5 Bg7 4. Nbd2 d6 5. e3 0-0 6. Bc4 Nbd7 7. 0-0 e5 8. dxe5 dxe5 9. Ne4 Qe7 10. Qe2 Nc5 11. Nc3 c6 12. b4 Ne6 13. Bxe6 Qxe6 14. b5 Nd5 15. Nxd5 cxd5 16. e4 d4 17. Bc1 b6 18. Ba3 Rd8 19. Bb4 a5 20. Ba3 Bb7 21. Rfc1 Qg4 22. Nxd4 Qxe4 23. Qxe4 Bxe4 24. Ne2 Rac8 25. Bb2 Bxc2 26. Nc3 Bd3 27. Na4 Bxb5 28. Nxb6 Rb8 29. Bc3 a4 30. Ba5 e4 31. Rab1 Bd3 32. Rb4 a3 33. Nd5 Rxb4 34. Bxb4 Bb2 35. Ne7+ Kg7 36. Rd1 Rb8 37. Bd6 Rb6 38. Bc5 Rb5 39. Be3 Bf6 40. Nc6 Rb2 41. Ra1 Rc2 42. Rc1 Rxa2 43. Nd4 Rb2 0-1

[Event "Kimry Summer op"]
[Site "Kimry"]
[Date "2015.06.10"]
[Round "5"]
[White "Protasov, Sergey"]
[Black "Shpagin, Vlas"]
[Result "0-1"]
[WhiteElo "1644"]
[BlackElo "2300"]
[PlyCount "68"]
[EventDate "2015.06.08"]
[EventType "swiss"]
[EventRounds "7"]
[EventCountry "RUS"]
[SourceTitle "CBM 167 Extra"]
[Source "ChessBase"]
[SourceDate "2015.09.14"]
[SourceVersion "1"]
[SourceVersionDate "2015.09.14"]
[SourceQuality "1"]

1. e4 Nf6 2. d3 e5 3. Nf3 Nc6 4. Nc3 d5 5. Bg5 d4 6. Nd5 Be6 7. Nxf6+ gxf6 8. Bh4 Be7 9. Qe2 Qd7 10. a3 0-0-0 11. 0-0-0 Na5 12. Nd2 Qa4 13. Nb1 Rd6 14. b3 Bxb3 15. cxb3 Nxb3+ 16. Kb2 Ra6 17. Kc2 Bxa3 18. Nxa3 Qxa3 19. Qg4+ Kb8 20. Rb1 Qa2+ 21. Rb2 Rc6+ 22. Kd1 Qxb2 23. Bg5 fxg5 24. Qxg5 Rc1+ 25. Qxc1 Qxc1+ 26. Ke2 Qd2+ 27. Kf3 f5 28. exf5 Rf8 29. g4 Qf4+ 30. Ke2 Qxg4+ 31. f3 Qf4 32. Kf2 Qe3+ 33. Kg2 Rg8+ 34. Kh3 Qh6# 0-1

[Event "Kimry Summer op"]
[Site "Kimry"]
[Date "2015.06.08"]
[Round "2"]
[White "Pochtarenko, Dmitrii"]
[Black "Shpagin, Vlas"]
[Result "0-1"]
[WhiteElo "1470"]
[BlackElo "2300"]
[PlyCount "90"]
[EventDate "2015.06.08"]
[EventType "swiss"]
[EventRounds "7"]
[EventCountry "RUS"]
[SourceTitle "CBM 167 Extra"]
[Source "ChessBase"]
[SourceDate "2015.09.14"]
[SourceVersion "1"]
[SourceVersionDate "2015.09.14"]
[SourceQuality "1"]

1. e4 a6 2. Nf3 b5 3. a3 Bb7 4. Nc3 g6 5. Be2 Bg7 6. 0-0 Nf6 7. d3 0-0 8. Bd2 d5 9. exd5 Nxd5 10. Qe1 c5 11. Nxd5 Qxd5 12. Bc3 e5 13. b4 Nc6 14. Nd2 Nd4 15. Bf3 Nxf3+ 16. Nxf3 Rfe8 17. Qe2 e4 18. Bxg7 exf3 19. Qxf3 Qxf3 20. gxf3 Kxg7 21. bxc5 Red8 22. a4 Bxf3 23. Ra3 Rd5 24. h3 Rxc5 25. axb5 axb5 26. Rxa8 Rg5+ 27. Kh2 Rg2+ 28. Kh1 Rxf2+ 29. Kg1 Rxf1+ 30. Kxf1 Bxa8 31. c3 Kf6 32. Kf2 Ke5 33. Ke3 Bd5 34. d4+ Kf5 35. Kf2 Kf4 36. h4 Kg4 37. Kg1 Kxh4 38. Kh2 g5 39. c4 Bxc4 40. d5 Bxd5 41. Kg1 b4 42. Kf2 b3 43. Ke3 b2 44. Kd4 Be6 45. Kc5 b1Q 0-1

[Event "Kimry Summer op"]
[Site "Kimry"]
[Date "2015.06.08"]
[Round "1"]
[White "Shpagin, Vlas"]
[Black "Lisyanskaya, Alina"]
[Result "1/2-1/2"]
[WhiteElo "2300"]
[BlackElo "1566"]
[PlyCount "82"]
[EventDate "2015.06.08"]
[EventType "swiss"]
[EventRounds "7"]
[EventCountry "RUS"]
[SourceTitle "CBM 167 Extra"]
[Source "ChessBase"]
[SourceDate "2015.09.14"]
[SourceVersion "1"]
[SourceVersionDate "2015.09.14"]
[SourceQuality "1"]

1. e4 c6 2. d3 d5 3. Nd2 Nd7 4. Ngf3 e5 5. g3 Ngf6 6. Bg2 Bc5 7. 0-0 0-0 8. c3 dxe4 9. dxe4 Qc7 10. Nh4 Rd8 11. Nf5 Nb6 12. Qe2 Bxf5 13. exf5 Nbd5 14. Ne4 Nxe4 15. Bxe4 Nf6 16. Bc2 Rd6 17. Kg2 Qe7 18. Re1 Rd7 19. Bf4 exf4 20. Qc4 f3+ 21. Kxf3 Qf8 22. Re2 Rad8 23. Rae1 Rd2 24. Bb3 Rxe2 25. Rxe2 b5 26. Qh4 Qd6 27. Kg2 a5 28. a4 b4 29. cxb4 Bxb4 30. Bc4 c5 31. b3 Qc6+ 32. f3 Rd2 33. Qf4 Rxe2+ 34. Bxe2 h6 35. Bc4 Qd7 36. Qb8+ Kh7 37. Qe5 Qd4 38. Qe7 Qd7 39. Qe5 Qd4 40. Qc7 Qd7 41. Qe5 Qd4 1/2-1/2

[Event "Kimry-ch"]
[Site "Kimry"]
[Date "2015.01.03"]
[Round "3"]
[White "Berezhkov, Andrey"]
[Black "Shpagin, Vlas"]
[Result "1-0"]
[WhiteElo "1967"]
[BlackElo "2278"]
[PlyCount "79"]
[EventDate "2015.01.02"]
[EventType "swiss"]
[EventRounds "9"]
[EventCountry "RUS"]
[SourceTitle "CBM 164 Extra"]
[Source "ChessBase"]
[SourceDate "2015.03.02"]
[SourceVersion "1"]
[SourceVersionDate "2015.03.02"]
[SourceQuality "1"]

1. e4 Nf6 2. Nc3 d5 3. e5 Nfd7 4. f4 c5 5. Nf3 Nc6 6. g3 e6 7. Bg2 f6 8. exf6 Qxf6 9. 0-0 Bd6 10. d3 0-0 11. Re1 Nd4 12. Be3 Nb6 13. Bxd4 cxd4 14. Ne2 Bc5 15. Kh1 Bd7 16. c3 dxc3 17. bxc3 Bc6 18. Ned4 Rae8 19. Bh3 Bxd4 20. cxd4 Re7 21. a4 Nc8 22. Qb3 Rfe8 23. Qb4 a5 24. Qxa5 g5 25. Qd2 h5 26. Nxg5 Qxd4 27. Nf3 Qf6 28. Ne5 Nd6 29. Nxc6 bxc6 30. Rac1 h4 31. Rxc6 hxg3 32. Rxd6 Rh7 33. Rdxe6 Rxe6 34. Bxe6+ Kg7 35. h3 Rh4 36. Bg4 Rxg4 37. hxg4 Qh4+ 38. Kg1 g2 39. Kxg2 Qxg4+ 40. Kh1 1-0

[Event "Kimry-ch"]
[Site "Kimry"]
[Date "2015.01.02"]
[Round "1"]
[White "Guseva, Antonina"]
[Black "Shpagin, Vlas"]
[Result "0-1"]
[WhiteElo "1701"]
[BlackElo "2278"]
[PlyCount "78"]
[EventDate "2015.01.02"]
[EventType "swiss"]
[EventRounds "9"]
[EventCountry "RUS"]
[SourceTitle "CBM 164 Extra"]
[Source "ChessBase"]
[SourceDate "2015.03.02"]
[SourceVersion "1"]
[SourceVersionDate "2015.03.02"]
[SourceQuality "1"]

1. e4 Nf6 2. e5 Nd5 3. d4 d6 4. c4 Nb6 5. f4 dxe5 6. fxe5 c5 7. d5 g6 8. Nf3 Bg7 9. h3 0-0 10. Bf4 e6 11. d6 Nc6 12. Be2 Nd7 13. Bg5 Qa5+ 14. Nc3 Ndxe5 15. 0-0 Nxf3+ 16. Rxf3 Nd4 17. Rd3 Bd7 18. Be7 Bc6 19. Bxf8 Rxf8 20. Nb5 Bxb5 21. cxb5 Nxb5 22. Rb3 Bd4+ 23. Kh1 Nxd6 24. Rc1 e5 25. Ra3 Qb6 26. Rb3 Qd8 27. Bf3 e4 28. Be2 Qh4 29. Qe1 Qxe1+ 30. Rxe1 f5 31. Ra3 a6 32. Rb1 Rc8 33. b3 Kf7 34. Bc4+ Kf6 35. Ra4 Ke5 36. Be2 Rc6 37. Rd1 b5 38. Ra5 Bc3 39. Bxb5 Nxb5 0-1

[Event "Kimry op 70th"]
[Site "Kimry"]
[Date "2014.08.30"]
[Round "5"]
[White "Berezin, Viktor"]
[Black "Shpagin, Vlas"]
[Result "0-1"]
[WhiteElo "2031"]
[BlackElo "2280"]
[PlyCount "78"]
[EventDate "2014.08.28"]
[EventType "swiss"]
[EventRounds "7"]
[EventCountry "RUS"]
[SourceTitle "EXT 2015"]
[Source "ChessBase"]
[SourceDate "2014.11.20"]
[SourceVersion "1"]
[SourceVersionDate "2014.11.20"]
[SourceQuality "1"]

1. e4 Nf6 2. e5 Nd5 3. d4 d6 4. c4 Nb6 5. f4 dxe5 6. fxe5 c5 7. d5 g6 8. Nf3 Bg7 9. Nc3 0-0 10. Bf4 Bg4 11. h3 Bxf3 12. Qxf3 e6 13. 0-0-0 N8d7 14. Qg3 Re8 15. d6 a6 16. Be2 f6 17. exf6 Nxf6 18. Rhe1 Qd7 19. b3 e5 20. Be3 Rac8 21. Bg5 Rc6 22. Bxf6 Bxf6 23. Bg4 Qd8 24. Ne4 Bh4 25. Qe3 Bxe1 26. Qxe1 h5 27. Bxh5 Re6 28. Qg3 Kg7 29. Ng5 Rf6 30. Qxe5 Rcxd6 31. Rf1 Nd7 32. Qc3 Rd4 33. Bf3 Qe7 34. Re1 Ne5 35. Be4 Rf4 36. Qg3 Qf6 37. Kc2 Rf2+ 38. Kc1 Rdd2 39. Qh4 Nd3+ 0-1

[Event "Kimry op 70th"]
[Site "Kimry"]
[Date "2014.08.28"]
[Round "1"]
[White "Shpagin, Vlas"]
[Black "Mkrtchyan, Mikhail"]
[Result "1-0"]
[WhiteElo "2280"]
[BlackElo "1406"]
[PlyCount "41"]
[EventDate "2014.08.28"]
[EventType "swiss"]
[EventRounds "7"]
[EventCountry "RUS"]
[SourceTitle "EXT 2015"]
[Source "ChessBase"]
[SourceDate "2014.11.20"]
[SourceVersion "1"]
[SourceVersionDate "2014.11.20"]
[SourceQuality "1"]

1. e4 e5 2. Nf3 Nc6 3. d3 d6 4. g3 f5 5. Nh4 fxe4 6. Qh5+ g6 7. Nxg6 Nf6 8. Qh4 Rg8 9. Nxf8 Rxf8 10. f3 Bf5 11. dxe4 Bxe4 12. Rg1 Qe7 13. Bh3 Bg6 14. Bh6 Rf7 15. Nd2 Ng8 16. Bg5 Qf8 17. Be6 Rg7 18. 0-0-0 Nge7 19. Bh6 Nd8 20. Bxg7 Qxg7 21. Bh3 1-0

[Event "CFO-ch"]
[Site "Moscow"]
[Date "2013.02.21"]
[Round "1"]
[White "Panchenko, Dmitry"]
[Black "Shpagin, Vlas"]
[Result "1-0"]
[WhiteElo "2364"]
[BlackElo "2299"]
[PlyCount "51"]
[EventDate "2013.02.21"]
[EventType "swiss (rapid)"]
[EventRounds "9"]
[EventCountry "RUS"]
[SourceTitle "CBM 153 Extra"]
[Source "ChessBase"]
[SourceDate "2013.04.22"]
[SourceVersion "1"]
[SourceVersionDate "2013.04.22"]
[SourceQuality "1"]

1. e4 Nf6 2. e5 Nd5 3. c4 Nb6 4. d4 d6 5. exd6 exd6 6. Nc3 Be7 7. Bd3 0-0 8. Nge2 Nc6 9. 0-0 Bf6 10. b3 Re8 11. Be3 Bg4 12. Qd2 d5 13. c5 Nc8 14. h3 Be6 15. f4 N8e7 16. f5 Bc8 17. a3 a5 18. Nb5 g6 19. fxg6 Nxg6 20. Rxf6 Qxf6 21. Nxc7 Be6 22. Rf1 Qe7 23. Nxa8 Rxa8 24. Bg5 Qd7 25. Bf6 Qe8 26. Ng3 1-0

[Event "Moscow Govrnor Cup-A rapid"]
[Site "Moscow"]
[Date "2013.02.20"]
[Round "7"]
[White "Shpagin, Vlas"]
[Black "Konenkin, Dmitry"]
[Result "0-1"]
[WhiteElo "2305"]
[BlackElo "2282"]
[PlyCount "88"]
[EventDate "2013.02.19"]
[EventType "swiss (rapid)"]
[EventRounds "11"]
[EventCountry "RUS"]
[SourceTitle "CBM 153 Extra"]
[Source "ChessBase"]
[SourceDate "2013.04.22"]
[SourceVersion "1"]
[SourceVersionDate "2013.04.22"]
[SourceQuality "1"]

1. d4 d6 2. e4 Nf6 3. Nc3 e5 4. Nge2 Nbd7 5. f3 Be7 6. Be3 0-0 7. Qd2 c6 8. 0-0-0 b5 9. g4 Qa5 10. g5 Ne8 11. h4 b4 12. Nb1 Qxa2 13. Qxb4 exd4 14. Nxd4 c5 15. Qb3 Qxb3 16. Nxb3 Ne5 17. Be2 a5 18. Na3 Ba6 19. Bxa6 Rxa6 20. Rhf1 f6 21. f4 Ng4 22. Bg1 fxg5 23. hxg5 Nc7 24. Nc4 Rxf4 25. Rxf4 Bxg5 26. Rdf1 Ne6 27. Nbxa5 Bxf4+ 28. Kb1 g5 29. Rd1 h5 30. Nb7 h4 31. Nbxd6 h3 32. Nf5 h2 33. Bxh2 Nxh2 34. Rd7 g4 35. Ne7+ Kh7 36. Nf5+ Kg6 37. Ncd6 g3 38. Re7 Nd4 39. Rg7+ Kf6 40. Rf7+ Ke5 41. Re7+ Ne6 42. Nc4+ Kf6 43. Re8 g2 44. Rg8 Bg5 0-1

[Event "Moscow Govrnor Cup-A rapid"]
[Site "Moscow"]
[Date "2013.02.20"]
[Round "9"]
[White "Shpagin, Vlas"]
[Black "Tatarintsev, Nikolay"]
[Result "1-0"]
[WhiteElo "2305"]
[BlackElo "1853"]
[PlyCount "47"]
[EventDate "2013.02.19"]
[EventType "swiss (rapid)"]
[EventRounds "11"]
[EventCountry "RUS"]
[SourceTitle "CBM 153 Extra"]
[Source "ChessBase"]
[SourceDate "2013.04.22"]
[SourceVersion "1"]
[SourceVersionDate "2013.04.22"]
[SourceQuality "1"]

1. d4 d5 2. Bg5 c6 3. e3 Nd7 4. c4 Ngf6 5. cxd5 Nxd5 6. Nf3 f6 7. Bh4 e6 8. Nbd2 Qb6 9. Nc4 Bb4+ 10. Nfd2 Qc7 11. Bg3 e5 12. a3 Be7 13. dxe5 Nxe5 14. Nxe5 fxe5 15. Qh5+ g6 16. Qxe5 Qxe5 17. Bxe5 Rf8 18. Bd3 Be6 19. Nf3 0-0-0 20. Nd4 Bg8 21. Rd1 Bc5 22. 0-0 Nb6 23. Nxc6 bxc6 24. Ba6# 1-0

[Event "Moscow Region Spring-B"]
[Site "Serpukhov"]
[Date "2011.05.04"]
[Round "8"]
[White "Shpagin, Vlas"]
[Black "Dzhaumutbaev, Erzhan"]
[Result "1/2-1/2"]
[WhiteElo "2328"]
[BlackElo "2118"]
[PlyCount "41"]
[EventDate "2011.04.30"]
[EventType "tourn"]
[EventRounds "9"]
[EventCountry "RUS"]
[SourceTitle "EXT 2022"]
[Source "ChessBase"]
[SourceDate "2021.10.06"]
[SourceVersion "1"]
[SourceVersionDate "2021.10.06"]
[SourceQuality "1"]

1. d4 Nf6 2. Bg5 Ne4 3. Bf4 c5 4. f3 Nf6 5. dxc5 Qa5+ 6. Nc3 Qxc5 7. e4 d6 8. Qd2 g6 9. 0-0-0 Nbd7 10. g4 h6 11. h4 Bg7 12. Bd3 Ne5 13. Kb1 Be6 14. Be3 Qa5 15. g5 hxg5 16. Bxg5 Rc8 17. f4 Nxd3 18. cxd3 Nxe4 19. dxe4 Rxc3 20. bxc3 Bxc3 21. Qc2 1/2-1/2

[Event "Moscow Region Spring-B"]
[Site "Serpukhov"]
[Date "2011.05.02"]
[Round "4"]
[White "Shishkin, Alexander"]
[Black "Shpagin, Vlas"]
[Result "1-0"]
[WhiteElo "2017"]
[BlackElo "2328"]
[PlyCount "109"]
[EventDate "2011.04.30"]
[EventType "tourn"]
[EventRounds "9"]
[EventCountry "RUS"]
[SourceTitle "EXT 2022"]
[Source "ChessBase"]
[SourceDate "2021.10.06"]
[SourceVersion "1"]
[SourceVersionDate "2021.10.06"]
[SourceQuality "1"]

1. d4 Nf6 2. c4 g6 3. Nc3 Bg7 4. e4 d6 5. Nf3 0-0 6. Be2 Nbd7 7. h3 e5 8. d5 Nc5 9. Nd2 a5 10. b3 Ne8 11. Ba3 f5 12. 0-0 f4 13. Bxc5 dxc5 14. Bg4 g5 15. Bxc8 Rxc8 16. Qg4 Nd6 17. Rad1 Qf6 18. Nf3 Nf7 19. h4 gxh4 20. Nxh4 Kh8 21. Nf5 Nh6 22. Qxg7+ Qxg7 23. Nxg7 Kxg7 24. d6 cxd6 25. Rxd6 Rcd8 26. Rfd1 Nf7 27. R6d5 Rxd5 28. Rxd5 b6 29. Rd7 Rb8 30. Nd5 b5 31. cxb5 Rxb5 32. Rc7 a4 33. Nc3 Rb4 34. Nxa4 Rxe4 35. Kf1 Rd4 36. Nxc5 Rd1+ 37. Ke2 Rg1 38. a4 Ra1 39. Ne4 Kg6 40. Rc2 Nd8 41. Kd3 Ne6 42. Kc4 Nd4 43. Rb2 Rc1+ 44. Kd5 Kf5 45. f3 Nc2 46. Nd6+ Kf6 47. Nc4 Rd1+ 48. Kc5 Rc1 49. a5 Ne3 50. a6 Ra1 51. Nxe3 fxe3 52. Kb6 e4 53. fxe4 Ke5 54. a7 Kxe4 55. Kb7 1-0

[Event "Vidnoe-ch 32nd sf"]
[Site "Vidnoe"]
[Date "2010.09.12"]
[Round "3"]
[White "Shorokhov, Evgenij"]
[Black "Shpagin, Vlas"]
[Result "0-1"]
[WhiteElo "2128"]
[BlackElo "2348"]
[PlyCount "70"]
[EventDate "2010.09.12"]
[EventType "swiss"]
[EventRounds "10"]
[EventCountry "RUS"]
[SourceTitle "EXT 2022"]
[Source "ChessBase"]
[SourceDate "2021.10.06"]
[SourceVersion "1"]
[SourceVersionDate "2021.10.06"]
[SourceQuality "1"]

1. e4 c5 2. c3 Nf6 3. e5 Nd5 4. d4 cxd4 5. Nf3 g6 6. Bc4 Nb6 7. Bb3 Bg7 8. Bf4 dxc3 9. Nxc3 0-0 10. Qd2 Nc6 11. Bh6 d6 12. e6 Bxe6 13. Bxe6 fxe6 14. Bxg7 Kxg7 15. h4 Nc4 16. Qe2 N4e5 17. Ng5 Qd7 18. h5 Rf5 19. Nxh7 Kxh7 20. hxg6+ Kg8 21. 0-0-0 Raf8 22. Rh6 R8f6 23. Ne4 Rxg6 24. Rdh1 Nd4 25. Rh8+ Kf7 26. Qe3 Qc6+ 27. Kb1 Qc2+ 28. Ka1 Qxb2+ 29. Kxb2 Nc4+ 30. Kc3 Nxe3 31. Kxd4 Nxg2 32. Rb8 Rb5 33. Rhh8 Rb4+ 34. Kd3 Nf4+ 35. Kc3 Rxe4 0-1